000 02881ngm a2200469 4500
003 dpl
005 2008112500300.0
007 DVD
008 ||||||sp199 xxu|||||c ||| 00| 0 ng d
010 _aDVD-001328-1330 & DVD-004734-4739
024 _aTSDVD 1783
_c45.00
035 _aDVD-001328-1330
035 _aDVD-004734-4739
040 _aDPL
_cDPL
082 _aDVD / JAAN
245 _aJaanemann
_cNadiadwala Granson Entertainment Presents
_h[videorecording] DVD/
260 _bSuper Cassettes Industries Limited
300 _a1 videodisc DVD;
_bsd., bw. ;
_c4 3/4 in.
_fDVD
440 _aT Series Home Entertainment
500 _aDigitally Re Mastered from the Original Film
538 _aDolby Digital 5.1 - Hindi Subtitles: English
650 _aMotion Picture
700 _aKunder, Shirish
700 _aMalik, Anu
700 _aGulzar
700 _aKhan, Farah
700 _aKhan, Salman
700 _aAkshay Kumar
700 _aZinta, Priety
942 _cCF
_2ddc
_hDVD
_mJAAN
999 _c19049
_d19049